The ghoul of bodger o'toole / (Record no. 6234)

MARC details
000 -LEADER
fixed length control field 00965nam a22003017a 4500
001 - CONTROL NUMBER
control field 6234
003 - CONTROL NUMBER IDENTIFIER
control field FISKH
005 - DATE AND TIME OF LATEST TRANSACTION
control field 20250403104617.0
008 - FIXED-LENGTH DATA ELEMENTS--GENERAL INFORMATION
fixed length control field 250403b cb ||||| |||| 00| 0 eng d
020 ## - INTERNATIONAL STANDARD BOOK NUMBER
International Standard Book Number 9780439968744
040 ## - CATALOGING SOURCE
Original cataloging agency FISKH
Language of cataloging eng
Transcribing agency FISKH
Modifying agency FISKH
050 ## - LIBRARY OF CONGRESS CALL NUMBER
Classification number PZ7.
082 ## - DEWEY DECIMAL CLASSIFICATION NUMBER
Classification number 823.9
100 ## - MAIN ENTRY--PERSONAL NAME
Personal name Dolan, Penny
245 ## - TITLE STATEMENT
Title The ghoul of bodger o'toole /
Statement of responsibility, etc. Penny Dolan ; illustrated by Philip Hopman
250 ## - EDITION STATEMENT
Edition statement This edition first published in 2004
260 ## - PUBLICATION, DISTRIBUTION, ETC.
Place of publication, distribution, etc. London :
Name of publisher, distributor, etc. Scholastic,
Date of publication, distribution, etc. 2004
300 ## - PHYSICAL DESCRIPTION
Extent 95 pages :
Other physical details illustrations ;
Dimensions 20 cm
505 ## - FORMATTED CONTENTS NOTE
Formatted contents note N<br/>
520 ## - SUMMARY, ETC.
Summary, etc. This ghostly tale is set in a haunted boatyard down in rocky, smuggler country, where our hero and/or heroine come to live with their less than capable father.<br/>
521 8# - TARGET AUDIENCE NOTE
Target audience note 550<br/>
Source Lexile<br/>
521 8# - TARGET AUDIENCE NOTE
Target audience note N<br/>
Source Raz-Plus<br/>
650 ## - SUBJECT ADDED ENTRY--TOPICAL TERM
Source of heading or term Hero
Topical term or geographic name entry element Ghost
650 ## - SUBJECT ADDED ENTRY--TOPICAL TERM
Source of heading or term Haunted
Topical term or geographic name entry element Tale
700 ## - ADDED ENTRY--PERSONAL NAME
Personal name Hopman, Philip
Dates associated with a name illustrator
942 ## - ADDED ENTRY ELEMENTS (KOHA)
Source of classification or shelving scheme Dewey Decimal Classification
Koha item type Books
Suppress in OPAC No
Holdings
Withdrawn status Lost status Source of classification or shelving scheme Damaged status Not for loan Collection Home library Current library Shelving location Date acquired Total Checkouts Full call number Barcode Date last seen Copy number Price effective from Koha item type
    Dewey Decimal Classification     Juvenile Fiction Footprints International School Library Network Toul Tom Poung Campus Footprints International School Library Network Toul Tom Poung Campus TTP Primary Yellow Bookshelves 04/03/2025   DOL PZ7 823.9 2025-0950 04/03/2025 1 04/03/2025 Books